Političeskaja karta Japonii posle vseobščich vyborov 2017 goda

Všeobecné voľby v Japonsku v roku 2017. Politická mapa a atmosféra v Japonsku po voľbách, pričom osobitný dôraz sa kladie na najdlhšie slúžiaceho japonského premiéra Šinzóa Abeho a jeho politiku. Snaha o vyriešenie kľúčových problémov krajiny – pomalá ekonomika, demografické výzvy a postavenie Japon...

ver descrição completa

Na minha lista:
Detalhes bibliográficos
Autor principal: Chuguryan, Simona, 1977-
Outros Autores: Kucharčík, Rudolf, 1977-
Formato: Capítulo de Livro
Idioma:inglês
Assuntos:
Tags: Adicionar Tag
Sem tags, seja o primeiro a adicionar uma tag!

MARC

LEADER 00000naa$a2200000$$$4500
001 0279415
005 20240502083849.1
041 0 |a eng 
044 |a RU 
245 1 0 |a Političeskaja karta Japonii posle vseobščich vyborov 2017 goda  |c Simona Chuguryan, Rudolf Kucharčík 
520 |a Všeobecné voľby v Japonsku v roku 2017. Politická mapa a atmosféra v Japonsku po voľbách, pričom osobitný dôraz sa kladie na najdlhšie slúžiaceho japonského premiéra Šinzóa Abeho a jeho politiku. Snaha o vyriešenie kľúčových problémov krajiny – pomalá ekonomika, demografické výzvy a postavenie Japonska v regióne Východná Ázia. 
610 2 0 |a voľby 
610 2 0 |a vzťahy zahraničné 
610 2 0 |a politika zahraničná 
610 2 0 |a lídri 
610 2 0 |a rast hospodársky 
610 2 0 |a Japonsko 
100 1 |a Chuguryan, Simona, 1977- 
700 1 |a Kucharčík, Rudolf, 1977-